[Event "Dois Irmaos op"]
[Site "Dois Irmaos"]
[Date "2011.12.17"]
[Round "4"]
[White "Bordignon, Alexandro"]
[Black "Minks Nolasco, Roger"]
[Result "1-0"]
[WhiteElo "1974"]
[BlackElo "1791"]
[PlyCount "81"]
[EventDate "2011.12.16"]
[EventType "swiss"]
[EventRounds "6"]
[EventCountry "BRA"]
[SourceTitle "CBM 146 Extra"]
[Source "ChessBase"]
[SourceDate "2012.02.29"]
[SourceVersion "1"]
[SourceVersionDate "2012.02.29"]
[SourceQuality "1"]

1. Nf3 Nf6 2. g3 g6 3. Bg2 Bg7 4. 0-0 0-0 5. d3 Nc6 6. Nbd2 d6 7. e4 Ne8 8. c3 Rb8 9. Re1 e5 10. Nf1 h6 11. a3 Kh7 12. d4 Bg4 13. dxe5 Nxe5 14. Ne3 Nxf3+ 15. Bxf3 Be6 16. Nd5 Nf6 17. Nf4 Nd7 18. Be3 a6 19. Bg2 Bc4 20. b3 Bb5 21. Qc2 Bc6 22. Rad1 Re8 23. c4 b6 24. b4 Ne5 25. Nd5 Qd7 26. Qe2 b5 27. c5 Nc4 28. cxd6 Nxd6 29. Bf4 Bxd5 30. Rxd5 Qe6 31. Qd3 Bf8 32. Rc1 Rbc8 33. Rc6 Ra8 34. Rxc7 Nxe4 35. Re5 Qd6 36. Rxf7+ Kg8 37. Rxf8+ Qxf8 38. Qxe4 Kh7 39. Qb7+ Kh8 40. Rxe8 Rxe8 41. Be3 1-0